Felices escrituras. Poetas chilenos y chilenas pensando una provincia.

Sparad:
Bibliografiska uppgifter
Övriga upphovsmän: Guerrero Valenzuela, Claudio Mauricio (Utgivare, redaktör, sammanställare), Cruz, Cristian (Utgivare, redaktör, sammanställare)
Materialtyp: Bok
Publicerad: San Felipe, Chile: Ediciones Casa de Barro, 2022.
Upplaga:Segunda edición revisada y aumentada.
Serie:Colección El Aromo.
Ämnen:
Taggar: Lägg till en tagg
Inga taggar, Lägg till första taggen!

MARC

LEADER 00000nam a22000007a 4500
003 CL-VaPUC
005 20240403132237.0
008 220901t2022 ||||| |||| 00| 0 eng d
999 |c 438598  |d 438596 
040 |c Pontificia Universidad Católica de Valparaíso 
082 |2 22  |a Ch861 GUE 2022 
100 |a Guerrero Valenzuela, Claudio Mauricio  |e editor  |9 876185 
245 |a Felices escrituras.  |b Poetas chilenos y chilenas pensando una provincia. 
250 |a Segunda edición revisada y aumentada.  
260 |a San Felipe, Chile:   |b Ediciones Casa de Barro,   |c 2022. 
300 |a 268 páginas. 
490 |a Colección El Aromo. 
500 |a c.1. Donación Profesor Claudio Guerrero. Memo LIT 17/2022. 22/08/2022 
583 |c 20220901  |k Catalogador Asistente 
650 0 |9 265280  |a Poesías chilenas   |x Recopilación y ensayos  
650 0 |9 876470  |a Composición territorial   |v Poesías   |z Chile 
650 0 |a Literatura chilena   |x Espacios geográficos  |x Interpretación   |9 308278 
700 |a Cruz, Cristian  |e editor  |9 876186 
942 |2 ddc  |c BK 
952 |0 0  |1 0  |2 ddc  |4 0  |6 CH_861_000000000000000_GUE_2022  |7 0  |8 A  |9 586561  |a BIBEDU  |b BIBEDU  |c GEN  |d 2022-09-01  |e Donación  |i 5654546  |o Ch861 GUE 2022  |p 5654546  |r 2022-09-01  |t 1  |w 2022-09-01  |y BK  |k LIT